000 00691nam a22002417a 4500
001 BR3800008
003 BR-BrBNA
005 20230928082900.0
007 ta
008 230509b bl.||||| |||| 00| 0 por d
040 _aBR-BrBNA
_bpor
_cBiblioteca Nacional de Agricultura
041 _a(Por)
072 _aL20
_b6700
_b/G514
090 _ 6700 BR3800008
100 1 _aSantos, E.
245 1 _aDa ema ao beija-flor; vida e costume das aves do Brasil
260 3 _aRio de Janeiro, GB (Brasil):
_bF. Brignist,
_c1938.
300 _a358 p.
500 _a90 illus.; Bibliography p. 331-337 (117 ref.)
650 _aAVE ORNAMENTAL
909 _a202309
_bLucia
_c55
_dLucia Elande
942 _cBK
999 _c10424
_d10424